The adrenal cortex: a SCOPE monograph/ (Record no. 119548)

MARC details
000 -LEADER
fixed length control field 00602nam a2200205 4500
008 - FIXED-LENGTH DATA ELEMENTS--GENERAL INFORMATION
fixed length control field
049 ## - LOCAL HOLDINGS (OCLC)
Holding library MAIN
090 ## - LOCALLY ASSIGNED LC-TYPE CALL NUMBER (OCLC); LOCAL CALL NUMBER (RLIN)
Classification number (OCLC) (R) ; Classification number, CALL (RLIN) (NR) RC659
Local cutter number (OCLC) ; Book number/undivided call number, CALL (RLIN) BET
003 - CONTROL NUMBER IDENTIFIER
control field
005 - DATE AND TIME OF LATEST TRANSACTION
control field 20230120204231.0
040 ## - CATALOGING SOURCE
Transcribing agency NUST
100 1# - MAIN ENTRY--PERSONAL NAME
Personal name Bethune, John E.
245 14 - TITLE STATEMENT
Title The adrenal cortex: a SCOPE monograph/
Statement of responsibility, etc. [by] John E. Bethune
260 ## - PUBLICATION, DISTRIBUTION, ETC.
Place of publication, distribution, etc. Kalamazoo, Michigan :
Name of publisher, distributor, etc. Upjohn Company,
Date of publication, distribution, etc. 1974.
300 ## - PHYSICAL DESCRIPTION
Extent 68 p.
Other physical details ill. (chiefly col.)
Dimensions 29 cm.
650 #0 - SUBJECT ADDED ENTRY--TOPICAL TERM
Topical term or geographic name entry element Adrenal cortex.
650 #0 - SUBJECT ADDED ENTRY--TOPICAL TERM
Topical term or geographic name entry element Adrenal cortex
General subdivision Diseases.
907 ## - LOCAL DATA ELEMENT G, LDG (RLIN)
a .b10394199
b 29-10-18
c 29-10-18
942 ## - ADDED ENTRY ELEMENTS (KOHA)
Koha item type Ordinary Loan Books
Call number prefix RC659
Call number suffix BET
Holdings
Date last seen Total Checkouts Full call number Barcode Cost, replacement price Price effective from Koha item type Lost status Source of classification or shelving scheme Damaged status Not for loan Collection Withdrawn status Home library Current library Shelving location Date acquired Cost, normal purchase price
01/20/2023   RC659 BET 92004045618 80.00 01/20/2023 BOOKS   LCC     NFIC   Medical Medical GEN 01/20/2023 80.00